Centroamérica: EEUU promueve convenios antidrogas /
Kaydedildi:
| Yazar: | |
|---|---|
| Materyal Türü: | Metin |
| Konular: | |
| Etiketler: |
Etiketle
Etiket eklenmemiş, İlk siz ekleyin!
|
MARC
| LEADER | 00000 a a2200000 04500 | ||
|---|---|---|---|
| 001 | 5007 | ||
| 003 | |||
| 040 | |||
| 100 | |a Díaz S, Miguel | ||
| 245 | |a Centroamérica: |b EEUU promueve convenios antidrogas / |c Miguel Díaz S | ||
| 650 | |a LUCHA CONTRA LAS DROGAS | ||
| 650 | |a COOPERACION INTERNACIONAL | ||
| 773 | |g número 41; páginas 21-24 | ||
| 999 | |c 39210 |d 39210 | ||
